000
00465nam a2200157Ia 4500
008
100122s9999 xx 000 0 und d
082
_b
44119
_a
808.6
100
_a
चौधरी गणेश
245
_a
काचेचं मन
260
_b
मॅजेस्टिक प्रकाशन
_c
1990
300
_a
159
630
_a
काचेचं मन
700
_a
घारे दीपक
730
_a
काचेचं मन
942
_c
BOOK
999
_c
423966
_d
423963